<?xml version="1.0" encoding="UTF-8"?>
<collection xmlns:xsi="http://www.w3.org/2001/XMLSchema-instance" xsi:schemaLocation="http://www.loc.gov/MARC21/slim http://www.loc.gov/standards/marcxml/schema/MARC21slim.xsd" xmlns="http://www.loc.gov/MARC21/slim">
 <record>
  <leader>00000cpc a22000003a 4500</leader>
  <controlfield tag="001">UP-1685523046126167037</controlfield>
  <controlfield tag="003">Buklod</controlfield>
  <controlfield tag="005">20090702110637.0</controlfield>
  <controlfield tag="006">a     r    |||| u|</controlfield>
  <controlfield tag="007">ta</controlfield>
  <controlfield tag="008">090702s        xx      |               d</controlfield>
  <datafield tag="035" ind1=" " ind2=" ">
   <subfield code="a">(iLib)UPMNL-00009160666</subfield>
  </datafield>
  <datafield tag="040" ind1=" " ind2=" ">
   <subfield code="a">UPMARD</subfield>
  </datafield>
  <datafield tag="041" ind1=" " ind2=" ">
   <subfield code="a">eng</subfield>
  </datafield>
  <datafield tag="110" ind1="1" ind2=" ">
   <subfield code="a">CPH-SEAMEO TROPMED</subfield>
  </datafield>
  <datafield tag="245" ind1="0" ind2="0">
   <subfield code="a">CPH-SEAMEO TROPMED photographic prints and negatives, posters, and visual aids.</subfield>
  </datafield>
  <datafield tag="300" ind1=" " ind2=" ">
   <subfield code="a">11 boxes of textual records.</subfield>
  </datafield>
  <datafield tag="500" ind1=" " ind2=" ">
   <subfield code="a">The SEAMEO TROPMED Philippines, based in the College of Public Health of the University of the Philippines in Manila, conducts research and training in the fields of public health, rural medicine, hospital administration, environmental and occupational health, health policy and management. The collection of photographic prints, negatives and related files dated 1980-2008 was donated by Prof. Nelia P. Salazar to the University Archives of UPM last Dec. 16, 2008. Dr. Salazar is a biologist, epidemiologist and researcher at the Research Institute for Tropical Medicine.</subfield>
  </datafield>
  <datafield tag="501" ind1=" " ind2=" ">
   <subfield code="a">Restrictions may apply. Title based on the contents of the fonds. inventory available: CPH.08 Boxes 1-11</subfield>
  </datafield>
  <datafield tag="600" ind1="0" ind2="0">
   <subfield code="a">Salazar, Nelia P.</subfield>
  </datafield>
  <datafield tag="610" ind1="0" ind2="0">
   <subfield code="a">CPH-SEAMEO TROPMED</subfield>
   <subfield code="x">Trainings.</subfield>
  </datafield>
  <datafield tag="610" ind1="0" ind2="0">
   <subfield code="a">CPH-SEAMEO TROPMED</subfield>
   <subfield code="x">Researches.</subfield>
  </datafield>
  <datafield tag="650" ind1="1" ind2="7">
   <subfield code="a">Public Health</subfield>
   <subfield code="x">Trainings.</subfield>
  </datafield>
  <datafield tag="852" ind1="0" ind2=" ">
   <subfield code="a">UPMNL</subfield>
   <subfield code="b">UPMARD</subfield>
  </datafield>
  <datafield tag="942" ind1=" " ind2=" ">
   <subfield code="a">Mixed Material</subfield>
  </datafield>
 </record>
</collection>
